000 00425nam a2200181Ia 4500
003 GCL
008 140319s9999 xx 000 0 eng d
040 _aGCL /
_cGCL
082 0 4 _a943.086
_bS H
100 1 _aSREINERT, MARLIS
245 1 0 _aHITLER /
_cSREINERT, MARLIS
260 _a[S.N] :
_bFAYARD ،
_c1991
300 _a713 P
650 0 4 _aGERMANY
650 0 4 _aHISTORY
650 0 4 _aHITLER, ADOLF
942 _2ddc
_cBK
999 _c21526
_d21526